Komunikačný mix pri predaji bytov v polyfunkčnom komplexe Vienna Gate diplomová práca

Uložené v:
Podrobná bibliografia
Hlavný autor: Šipková, Lucia
Korporativný autor: Obchodná fakulta EU. Katedra marketingu
Ďalší autori: Richterová, Kornélia
Médium: Kniha
Jazyk:Slovak
Vydavateľské údaje: Bratislava 2011
Tagy: Pridať tag
Žiadne tagy, Buďte prvý, kto otaguje tento záznam!

MARC

LEADER 00000nbm a2200000 4500
001 0140409
005 20161109101932.5
041 0 |a slo 
044 |a SK 
245 1 0 |a Komunikačný mix pri predaji bytov v polyfunkčnom komplexe Vienna Gate  |b diplomová práca  |c Lucia Šipková ; školiteľ: Kornélia Richterová 
264 1 |a Bratislava  |c 2011 
300 |a 94 s. 
100 1 |a Šipková, Lucia 
700 1 |a Richterová, Kornélia 
710 2 |a Obchodná fakulta EU. Katedra marketingu